Правовое регулирование акционерной собственности государства (Запись № 11654826)
[ простой вид ]
| 000 -МАРКЕР | |
|---|---|
| контрольное поле | 02139nam0a2200349 4500 |
| 001 - ИДЕНТИФИКАТОР ЗАПИСИ | |
| контрольное поле | RU\NLR\BIBL_A\012051688 |
| 005 - ИДЕНТИФИКАТОР ВЕРСИИ | |
| контрольное поле | 20190717124104.0 |
| 010 ## - МЕЖДУНАРОДНЫЙ СТАНДАРТНЫЙ НОМЕР КНИГИ (ISBN) | |
| Номер (ISBN) | 978-5-9596-1354-9 |
| Тираж | 200 |
| 021 ## - НОМЕР ГОСУДАРСТВЕННОЙ РЕГИСТРАЦИИ | |
| Код страны | Российская Федерация |
| Номер | КН-П-19-041240 |
| Номер Листа государственной регистраци | КН-П-19-3029 |
| 035 ## - ДРУГИЕ СИСТЕМНЫЕ НОМЕРА | |
| Идентификатор записи | (NLR Aleph) 012051688 |
| 035 ## - ДРУГИЕ СИСТЕМНЫЕ НОМЕРА | |
| Идентификатор записи | (RuMoRGB)010001704 |
| 100 ## - ДАННЫЕ ОБЩЕЙ ОБРАБОТКИ | |
| Данные общей обработки | 20190703d2017 k y0rusy50 ca |
| 101 0# - ЯЗЫК РЕСУРСА | |
| Язык текста, звукозаписи и т.д. | русский |
| 102 ## - СТРАНА ПУБЛИКАЦИИ ИЛИ ПРОИЗВОДСТВА | |
| Страна публикации | Российская Федерация |
| 105 ## - ПОЛЕ КОДИРОВАННЫХ ДАННЫХ: ТЕКСТОВЫЕ МАТЕРИАЛЫ, МОНОГРАФИЧЕСКИЕ | |
| Кодированные данные о монографическом текстовом документе | a zzjz||000zy |
| 200 1# - ЗАГЛАВИЕ И СВЕДЕНИЯ ОБ ОТВЕТСТВЕННОСТИ | |
| Основное заглавие | Правовое регулирование акционерной собственности государства |
| Сведения, относящиеся к заглавию | (на примере Ставропольского края) |
| -- | научно-методическое пособие |
| Первые сведения об ответственности | Ставропольский государственный центр исследования проблем собственности |
| Последующие сведения об ответственности | [составители: доктор юридических наук, профессор О. Е. Блинков, доктор юридических наук, доцент В. С. Елисеев] |
| 210 ## - ПУБЛИКАЦИЯ, РАСПРОСТРАНЕНИЕ И ДР. | |
| Место издания, распространения и т.д. | Ставрополь |
| Имя издателя, распространителя и т. д. | АГРУС |
| Дата издания, распространения и т.д. | 2017 |
| 215 ## - ФИЗИЧЕСКАЯ ХАРАКТЕРИСТИКА | |
| Специфическое обозначение материала и объем | 126, [1] с. |
| Другие сведения о физической характеристике | табл. |
| Размеры | 20 |
| 320 ## - ПРИМЕЧАНИЯ О НАЛИЧИИ В ДОКУМЕНТЕ БИБЛИОГРАФИИ / УКАЗАТЕЛЯ | |
| Текст примечания | Библиогр.: с. 115-127 (134 назв.) и в подстроч. примеч. |
| 606 1# - НАИМЕНОВАНИЕ ТЕМЫ КАК ПРЕДМЕТ | |
| Наименование темы | Государственная собственность |
| Формальный подзаголовок | Методические пособия |
| Тематический подзаголовок | Правовое регулирование |
| Географический подзаголовок | Российская Федерация |
| Системный номер авторитетной/нормативной записи | 2236985 |
| Идентификатор авторитетной/нормативной записи | RU\NLR\AUTH\661342441 |
| 610 0# - НЕКОНТРОЛИРУЕМЫЕ ПРЕДМЕТНЫЕ ТЕРМИНЫ | |
| Предметный термин | акционерная собственность государства |
| 610 0# - НЕКОНТРОЛИРУЕМЫЕ ПРЕДМЕТНЫЕ ТЕРМИНЫ | |
| Предметный термин | акционерное общество |
| 686 1# - ИНДЕКСЫ ДРУГИХ КЛАССИФИКАЦИЙ | |
| Индекс | Х623.110.6я7 |
| 702 #1 - ИМЯ ЛИЦА - ВТОРИЧНАЯ ОТВЕТСТВЕННОСТЬ | |
| Код отношения | Составитель |
| Начальный элемент ввода | Блинков |
| Часть имени, кроме начального элемента ввода | О. Е. |
| Дополнения к именам, кроме дат | д-р юрид. наук |
| Даты | 1977- |
| Расширение инициалов личного имени | Олег Евгеньевич |
| Системный номер авторитетной/нормативной записи | 133275 |
| Идентификатор авторитетной/нормативной записи | RU\NLR\AUTH\770133309 |
| 712 02 - НАИМЕНОВАНИЕ ОРГАНИЗАЦИИ - ВТОРИЧНАЯ ОТВЕТСТВЕННОСТЬ | |
| Код отношения | Прочие |
| Начальный элемент ввода | Ставропольский государственный центр исследования проблем собственности |
| Системный номер авторитетной/нормативной записи | 592406 |
| Идентификатор авторитетной/нормативной записи | RU\NLR\AUTH\880464943 |
| 942 ## - ДОПОЛНИТЕЛЬНЫЕ ЭЛЕМЕНТЫ ЗАПИСИ (АБИС) | |
| Тип экземпляра АБИС | Книга |
| 980 ## - КОЛЛЕКЦИЯ | |
| Название коллекции | НБР |
| 980 ## - КОЛЛЕКЦИЯ | |
| Название коллекции | Национальная библиография |
Нет доступных экземпляров.